000 00442nam a22001577a 4500
005 20241101113303.0
008 241101b |||||||| |||| 00| 0 eng d
020 _a9788190789103
100 _aHannan Abdul M.
245 _aHuman Rights of the Accused in the Criminal Process
260 _aGurgaon, Haryana
_bMadhav Books
_c2009
300 _axv, 217 pages.
_c22 cm
500 _aIncludes Index
650 _2Human Rights
942 _2lcc
_cBK
_n0
999 _c508
_d508